| 000 | 00431cam a22001457a 4500 | ||
|---|---|---|---|
| 008 | 180718b1961 xxu||||| |||| 00| 0 eng d | ||
| 082 | _aB19x42 H248 | ||
| 100 | _aHarrisson, Tom | ||
| 245 |
_aBritain revisited _cby Tom Harrisson |
||
| 260 |
_aLondon _bGollancz _c1961 |
||
| 300 | _a280p | ||
| 650 | _aGreat Britain --Social life and customs. | ||
| 650 | _aPublic opinion --Great Britain | ||
| 650 | _aSocial surveys --Great Britain | ||
| 999 |
_c419140 _d419140 |
||